| 000 | 00782nam a2200217Ia 4500 | ||
|---|---|---|---|
| 001 | 11208 | ||
| 003 | GE_BSU | ||
| 008 | 181216s||||||||xx |||||||||||||| ||und|| | ||
| 040 | _cGE_BSU | ||
| 080 | _a637.1 | ||
| 100 | _aგონაშვილი შ. | ||
| 245 | _aრძისა და რძის პროდუქტების ქიმია და ანალიზი | ||
| 245 | _cრედ: შ. სულაბერიძე | ||
| 260 | _aთბილისი. | ||
| 260 | _bსაბჭოთა საქართველო | ||
| 260 | _c1963 | ||
| 300 | _a270გვ.21სმ. | ||
| 300 | _eილ.ცხრ. | ||
| 653 | _aრძისა და რძის პროდუქტების ქიმია და ანალიზი | ||
| 942 | _cBK | ||
| 999 |
_c44439 _d44439 |
||